| 000 | 01781nam a22002297a 4500 | ||
|---|---|---|---|
| 999 |
_c62085 _d62085 |
||
| 003 | Ge_BSU | ||
| 005 | 20240705125133.0 | ||
| 008 | 240705s2023 ge ||||| |||| 00| 0 geo d | ||
| 020 | _a9789941356766 | ||
| 041 | _ageo | ||
| 080 | _a336.717ფ-59 | ||
| 245 |
_aფინანსური ტექნოლოგიები და ბლოკჩეინი = Fintech and Blockchain / _cინგლისურიდან თარგმნა ხათუნა ბასილაშვილმა ; სარედაქციო ჯგუფი: ზურაბ აბაშიძე, მაია შველიძე, დათო მოსიაშვილი [და სხვა]. |
||
| 264 |
_aთბილისი : _b პალიტრა L, _c2023. |
||
| 300 |
_a152 გვ. ; _b20 სმ |
||
| 440 |
_aლურჯი ოკეანე - AI books _922734 |
||
| 546 | _aგარეკანი, თავფურცელი და ტექსტი ქართულ და ინგლისურ ენებზე. | ||
| 653 | _aსაბანკო საქმე -- ფინანსური მომსახურება -- ტექნოლოგიური ინოვაციები. ბანკები -- ავტომატიზაცია. ფინანსური მომსახურება -- ტექნოლოგიური ინოვაციები. ბლოკჩეინი. | ||
| 653 | _aეკონომიკა | ||
| 700 |
_aბასილაშვილი,ხათუნა _eმთარგმნელი _922735 |
||
| 700 |
_aაბაშიძე, ზურაბ _e სარედაქციო ჯგუფი და სხვ. _91322 |
||
| 942 |
_2udc _cᲬᲘᲒᲜᲘ |
||